<?xml version="1.0" encoding="UTF-8"?>
<record
    xmlns:xsi="http://www.w3.org/2001/XMLSchema-instance"
    xsi:schemaLocation="http://www.loc.gov/MARC21/slim http://www.loc.gov/standards/marcxml/schema/MARC21slim.xsd"
    xmlns="http://www.loc.gov/MARC21/slim">

  <leader>01748nam a22001817a 4500</leader>
  <controlfield tag="008">170714b        xxu||||| |||| 00| 0 eng d</controlfield>
  <datafield tag="020" ind1=" " ind2=" ">
    <subfield code="a">9781451191318</subfield>
  </datafield>
  <datafield tag="050" ind1=" " ind2=" ">
    <subfield code="a">RT98.H373</subfield>
  </datafield>
  <datafield tag="100" ind1=" " ind2=" ">
    <subfield code="a">Harkness, Gail A.</subfield>
  </datafield>
  <datafield tag="245" ind1=" " ind2=" ">
    <subfield code="a">Community and public health nursing: evidence for practice. /</subfield>
    <subfield code="c">Gail A. Harkness and Rosanna F. DeMarco.</subfield>
  </datafield>
  <datafield tag="250" ind1=" " ind2=" ">
    <subfield code="a">2nd ed.</subfield>
  </datafield>
  <datafield tag="260" ind1=" " ind2=" ">
    <subfield code="a">Philadelphia:</subfield>
    <subfield code="b">Wolters Kluwer,</subfield>
    <subfield code="c">2016.</subfield>
  </datafield>
  <datafield tag="300" ind1=" " ind2=" ">
    <subfield code="a">xvii, 558p.:</subfield>
    <subfield code="b">ill.;</subfield>
    <subfield code="c">28cm.</subfield>
  </datafield>
  <datafield tag="500" ind1=" " ind2=" ">
    <subfield code="a">Includes bibliographical references and index.</subfield>
  </datafield>
  <datafield tag="505" ind1=" " ind2=" ">
    <subfield code="a">Contents: The Concept of public health nursing: Public health nursing: present, past, and future -- Public health systems -- Health policy, politics, and reform -- Health and the global environment -- Evidence-based practice and population health: Frameworks for health promotion, disease prevention, and risk reduction -- Epidemiology: the science of prevention -- Describing health conditions: understanding and using rates -- Gathering evidence for public health practice -- Implementing nursing practice in community settings: Planning for community change -- Cultural diversity and values -- Community assessment -- Care management, case management, and home healthcare -- Family assessment -- challenges in community and public health nursing: Risk of infectious and communicable diseases -- Emerging infectious diseases -- Violence and abuse -- Substance use -- Underserved populations -- Environmental health -- Community preparedness: disaster and terrorism -- Specialty practice: Community mental health -- School health -- Faith-oriented communities and health ministries in faith communities -- Palliative and end-of-life care -- Occupational health nursing.</subfield>
  </datafield>
  <datafield tag="700" ind1=" " ind2=" ">
    <subfield code="a">DeMarco, Rosanna F.</subfield>
  </datafield>
  <datafield tag="942" ind1=" " ind2=" ">
    <subfield code="2">lcc</subfield>
    <subfield code="c">BK</subfield>
  </datafield>
  <datafield tag="999" ind1=" " ind2=" ">
    <subfield code="c">6395</subfield>
    <subfield code="d">13895</subfield>
  </datafield>
  <datafield tag="952" ind1=" " ind2=" ">
    <subfield code="0">0</subfield>
    <subfield code="1">0</subfield>
    <subfield code="2">lcc</subfield>
    <subfield code="4">0</subfield>
    <subfield code="7">0</subfield>
    <subfield code="8">NFIC</subfield>
    <subfield code="a">WIUC-1</subfield>
    <subfield code="b">WIUC-1</subfield>
    <subfield code="c">NURS L.</subfield>
    <subfield code="d">2017-07-14</subfield>
    <subfield code="l">0</subfield>
    <subfield code="o">RT98.H373</subfield>
    <subfield code="p">NURS/282/17</subfield>
    <subfield code="r">2017-07-14 00:00:00</subfield>
    <subfield code="t">1</subfield>
    <subfield code="w">2017-07-14</subfield>
    <subfield code="y">BK</subfield>
  </datafield>
  <datafield tag="952" ind1=" " ind2=" ">
    <subfield code="0">0</subfield>
    <subfield code="1">0</subfield>
    <subfield code="2">lcc</subfield>
    <subfield code="4">0</subfield>
    <subfield code="7">0</subfield>
    <subfield code="8">NFIC</subfield>
    <subfield code="a">WIUC-1</subfield>
    <subfield code="b">WIUC-1</subfield>
    <subfield code="c">NURS L.</subfield>
    <subfield code="d">2017-07-14</subfield>
    <subfield code="l">0</subfield>
    <subfield code="o">RT98.H3731</subfield>
    <subfield code="p">NURS/283/17</subfield>
    <subfield code="r">2017-07-14 00:00:00</subfield>
    <subfield code="t">2</subfield>
    <subfield code="w">2017-07-14</subfield>
    <subfield code="y">BK</subfield>
  </datafield>
</record>
